The Harappans And Aryans/ (Record no. 166667)

MARC details
000 -LEADER
fixed length control field 00641nam a22001937a 4500
010 ## - LCCN (DPL NO)
LC control number ENG-126117
020 ## - INTERNATIONAL STANDARD BOOK NUMBER
International Standard Book Number 978-81-7305-612-3
Terms of availability 995.00
035 ## - SYSTEM CONTROL NUMBER
System control number EN-109649
037 ## - SOURCE OF ACQUISITION
Source of stock number/acquisition DBAD/PUB
082 ## - DEWEY DECIMAL CLASSIFICATION NUMBER
Classification number 934
100 ## - MAIN ENTRY--PERSONAL NAME
Personal name Dhavalikar,M.K.
245 ## - TITLE STATEMENT
Title The Harappans And Aryans/
Statement of responsibility, etc M.K.Dhavalikar
Medium English
260 ## - PUBLICATION, DISTRIBUTION, ETC. (IMPRINT)
Place of publication, distribution, etc New Delhi
Name of publisher, distributor, etc Aryan Books International
Date of publication, distribution, etc 2018
270 ## - ADDRESS
Address Pooja Apartments, 4B,Ansari Road,
City New Delhi
Postal code 110002
Telephone number 23287589
Fax number 91-11-23270385
Electronic mail address aryanbooks@gmail.com
300 ## - PHYSICAL DESCRIPTION
Extent 227p.
Other physical details 24cb(hb)
500 ## - GENERAL NOTE
General note its include index ane bibliography
700 ## - ADDED ENTRY--PERSONAL NAME
Personal name M.K.Dhavalikar
942 ## - ADDED ENTRY ELEMENTS (KOHA)
Source of classification or shelving scheme Dewey Decimal Classification
Item type English Books
Classification part 934
Call number suffix DHA
Holdings
Withdrawn status Lost status Not for loan Collection code Home library Current library Date acquired Source of acquisition Cost, normal purchase price Full call number Barcode Copy number Cost, replacement price Koha item type
      Non-fiction Patel Nagar Patel Nagar 02/08/2019 DBAD/PUB 995.00 934 DHA EN-109649 1 995.00 English Books

© Delhi Public Library
Hit Counter
free hit counter